| 000 | 00537nam a22001937a 4500 | ||
|---|---|---|---|
| 005 | 20251108171012.0 | ||
| 008 | 250721s1983 xx 000 0 ara d | ||
| 082 | 1 | 4 | _a956.04/نبي |
| 100 | 1 | _aعاقل، نبيه | |
| 245 | 1 | 0 | _aخلافة بني أمية / |
| 250 | _aط4 | ||
| 264 | 1 |
_aبيروت : _bدار الفكر، _c1983. |
|
| 300 | _a400ص | ||
| 490 | 0 | _aسلسلة تاريخ العرب و الإسلام ؛2 | |
| 650 | 1 | 7 | _aتاريخ العرب |
| 650 | 1 | 7 | _aالأمويون |
| 942 |
_2ddc _cBK |
||
| 999 |
_c54092 _d54092 |
||